Fr. Conceicao Rodrigues College of Engineering

Plane Surveying (Record no. 22945)

MARC details
000 -LEADER
fixed length control field 00286nam a2200133Ia 4500
100 ## - MAIN ENTRY--PERSONAL NAME
Personal name Theroux/F.R./ Smith/L.A.
245 ## - TITLE STATEMENT
Title Plane Surveying
260 ## - PUBLICATION, DISTRIBUTION, ETC.
Name of publisher, distributor, etc. Pitman Pub.
Place of publication, distribution, etc. New York
Date of publication, distribution, etc. 1953
300 ## - PHYSICAL DESCRIPTION
Extent 407
546 ## - LANGUAGE NOTE
Language note ENGLISH
654 ## - SUBJECT ADDED ENTRY--FACETED TOPICAL TERMS
Focus term Plane Surveying
942 ## - ADDED ENTRY ELEMENTS (KOHA)
Koha item type BOOK
Holdings
Withdrawn status Lost status Damaged status Not for loan Collection Home library Current library Shelving location Date acquired Total Checkouts Full call number Barcode Date last seen Price effective from Koha item type
        AFT Fr. Agnel's C.Rodrigues College of Engineering Fr. Agnel's C.Rodrigues College of Engineering   17/03/2023   AFT6732 17/03/2023 17/03/2023 BOOK